| 000 | 00350nam a2200145Ia 4500 | ||
|---|---|---|---|
| 003 | OSt | ||
| 008 | 191201s2019 xx 000 0 und d | ||
| 082 |
_a621.4021 _bROE |
||
| 100 | _aROGERS,Gordon | ||
| 245 | 0 | _aEngineering Thermodynamics work and heat …. | |
| 260 |
_aNew Delhi _bPearson |
||
| 300 | _a711 | ||
| 650 | _aB.Tech(ME) | ||
| 942 |
_2ddc _cBK |
||
| 999 |
_c6265 _d6265 |
||